| 000 | 00691nam a22002414a 4500 | ||
|---|---|---|---|
| 999 |
_c158628 _d158628 |
||
| 003 | UPN | ||
| 005 | 20220519063942.0 | ||
| 008 | 120911s2008 mx a r 000 0 spa d | ||
| 020 | _a9789705802010 | ||
| 035 | _aUPN01000186525 | ||
| 040 |
_aUPN _bspa _cUPN |
||
| 049 | _aCG | ||
| 050 | 4 |
_aPQ7298.12 R7 _bM4.5 |
|
| 100 | 1 |
_aBrozon, M. B., _d1970- _931044 |
|
| 245 | 1 | 0 |
_aMemorias de un amigo casi verdadero / _cM. B. Brozon ; il. Luis Cabrera. |
| 260 |
_aMéxico: _bAlfaguara, _c2008. |
||
| 300 |
_a188 p. : _bil. |
||
| 490 | _aAlfaguara juvenil | ||
| 650 | 0 |
_aLiteratura juvenil mexicana _915848 |
|
| 650 | 4 |
_aEMOCIONES EN LA ADOLESCENCIA _9622 |
|
| 905 | _aLibro | ||
| 942 |
_2lcc _cLIBRO |
||